00930nam a2200217 a 4500001001000000003000900010005001700019008004100036040002500077082002300102110009800125245007100223246007700294260003600371300003700407504003100444650005500475650006000530700002400590710009800614000016455DO-SdBNP20250721113613.0100305s1983 dr 000 0 spa d aDO-SdBNPbspacBNPHU a362.1097293bR426p1 aRepública Dominicana. b Secretaria de Estado de Salud Pública y Asistencia Social (2001)10aPolítica nacional de salud /cpresentación Amiro Pérez Mera.14aPolítica de salud del gobierno de concentración nacional 1983-1986 / aSanto Domingo :bSESPAS,c1983. a105 p. :bmaps., graf. ;c22 cm. aBibibliografia : p 105-106 4aSalud públicazRepública Dominicanay1983-1986 0aPolítica sanitariazRepública Dominicanay1983-198612aPérez Mera, Amiro1 aRepública Dominicana. b Secretaria de Estado de Salud Pública y Asistencia Social (2001)